000 00699nam a2200217 i 4500
001 C2-0328977
003 PPAK
005 20180728130139.0
008 141109s2006 my |||| ||||| | eng d
040 _aPPAK
_beng
_cPPAK
_erda
082 0 4 _a323
_223
090 0 0 _a323
_bINT
_dKK
245 0 0 _aInternational Conference on Human Sucurity :
_badvancing human security
264 1 _aSintok, Kedah :
_bInstitut Pemikiran Tun Dr. Mahathir Mohamad ,
_c2006
300 _axxvii, 405 pages ;
_c24 cm
336 _2rdacontent
_atext
337 _2rdamedia
_aunmediated
338 _2rdacarrier
_avolume
650 1 0 _aHuman security - Congresses. ; Humanitarian assistence - Congresses.
942 _ddc
_cB
999 _c128243
_d128243